Normal view MARC view

Entry Nombre personal

Number of records used in: 2

001 - NÚMERO DE CONTROL

  • campo de control: 236057

003 - IDENTIFICADOR DE NÚMERO DE CONTROL

  • campo de control: SpMaBN

005 - FECHA Y HORA DE LA ÚLTIMA TRANSACCIÓN

  • campo de control: 20240429102856.0

008 - ELEMENTOS DE DATO DE LONGITUD-FIJA

  • campo de control de longitud fija: 911219n| aijnnaabn |a aaa

016 ## - NÚMERO DE CONTROL DE UNA AGENCIA BIBLIOGRÁFICA NACIONAL

  • Número de control del registro: BNE19913624195

024 7# - IDENTIFICADOR DE OTROS ESTÁNDARES

  • Número estándar o código: http://viaf.org/viaf/61760651/
  • Fuente: viaf

024 8# - IDENTIFICADOR DE OTROS ESTÁNDARES

  • Número estándar o código: https://data.cervantesvirtual.com/person/13048

024 7# - IDENTIFICADOR DE OTROS ESTÁNDARES

  • Número estándar o código: https://isni.org/isni/0000000081413181
  • Fuente: isni

024 7# - IDENTIFICADOR DE OTROS ESTÁNDARES

  • Número estándar o código: http://www.wikidata.org/entity/Q2839072
  • Fuente: wikidata

040 ## - FUENTE DE CATALOGACIÓN

  • Centro catalogador/agencia de origen: SpMaBN
  • Lengua de catalogación: spa
  • Centro/agencia transcriptor: SpMaBN
  • Normas de descripción: rdc
  • Convención/Normas de encabezamiento de materia/tesauro: embne

046 ## - FECHAS CON CODIFICACIÓN ESPECIAL

  • Fecha de nacimiento: 1854
  • Fecha de la muerte: 1917

100 0# - ENCABEZAMIENTO-NOMBRE DE PERSONA

  • Nombre de persona: Almafuerte,
  • Fechas asociadas al nombre: 1854-1917

370 ## - LUGAR ASOCIADO

  • Lugar de nacimiento: San Justo, Buenos Aires, Argentina
  • Fuente del término: embne

370 ## - LUGAR ASOCIADO

  • Lugar de fallecimiento: La Plata, Buenos Aires, Argentina
  • Fuente del término: embne

372 ## - CAMPO DE ACTIVIDAD

  • Campo de actividad: Poesía
  • Fuente del término: embne

374 ## - OCUPACIÓN

  • Ocupación: Poetas
  • Ocupación: Escritores
  • Ocupación: Educadores
  • Ocupación: Traductores
  • Ocupación: Bibliotecarios
  • Fuente del término: embne

375 ## - GÉNERO/SEXO

  • Género: Masculino

377 ## - IDIOMA ASOCIADO

  • Código del idioma: spa
  • Término de lengua/lenguaje: Español

500 ## - TRAZADO DE VÉASE ADEMÁS--NOMBRE DE PERSONA

  • Nombre de persona: Palacios, Pedro Bonifacio,
  • Fechas asociadas al nombre: 1854-1917

500 ## - TRAZADO DE VÉASE ADEMÁS--NOMBRE DE PERSONA

  • Nombre de persona: Palacios Rodríguez, Pedro Bonifacio,
  • Fechas asociadas al nombre: 1854-1917

670 ## - FUENTE DE DATOS ENCONTRADOS

  • Cita de la fuente: Poesías, 1921;
  • Información encontrada: port. (Almafuerte)

670 ## - FUENTE DE DATOS ENCONTRADOS

  • Cita de la fuente: Dic. de seud. literarios españoles, de P.P. Rogers, F.A. Lapuente;
  • Información encontrada: (Almafuerte; seud. de Pedro Bonifacio Palacios (1854-1917))

670 ## - FUENTE DE DATOS ENCONTRADOS

  • Cita de la fuente: WWW Wikipedia, 15-06-2016;
  • Información encontrada: (Pedro Bonifacio Palacios, seudónimo Almafuerte; n. 13-04-1854, San Justo, Argentina, m. 28-02-1917, La Plata, Buenos Aires, Argentina; maestro y poeta)
  • Identificador Uniforme de Recursos: https://es.wikipedia.org/wiki/Pedro_Bonifacio_Palacios

670 ## - FUENTE DE DATOS ENCONTRADOS

  • Cita de la fuente: WWW Bn España aut., 25-4-2024;
  • Información encontrada: (Almafuerte, 1854-1917)

954 ## - CATALOGADOR -ALTA REGISTRO

  • Nombre del catalogador: Inmaculada Vicente Garcia